| 000 | 00358nam a2200133 4500 | ||
|---|---|---|---|
| 999 |
_c510357 _d510357 |
||
| 008 | 190813b ||||| |||| 00| 0 eng d | ||
| 100 |
_aSwaminathan, M.S. _98192 |
||
| 245 | _aCapitalizing on technology for farmers' welfare | ||
| 260 | _c2019 | ||
| 300 | _ap.12-15. | ||
| 773 | _aYojana | ||
| 906 | _aAgriculture and Technology - India | ||
| 942 |
_2ddc _cAR |
||